000
00265nam a22001217a 4500
082
_a
621.462 BEA'E
100
_a
BEATER, JACK
_9
78160
245
_a
ELECTRIC MOTOR TEST AND REPAIR
250
_a
2ND
260
_a
NEWYORK
_b
TAB
_c
1966
300
_a
160P
942
_c
BK
999
_c
583323
_d
583323